000 00637nas a2200217 4500
001 BR2012005746
003 BR-BrBNA
005 20231205120924.0
007 ta
008 230509b bl.|||p| |||| 00| 00por d
040 _aBR-BrBNA
_bpor
_cBiblioteca Nacional de Agricultura
041 _a(Pt)
072 _aF50
100 1 _aOliveira, R.G.
245 1 _aPalmeiras nativas do Rio Grande do Sul
650 _aHERBÁRIO
650 _aRIO GRANDE DO SUL
773 0 _tIheringia. Série Botânica (Brazil)
_xISSN 0073-4705
_g(Fev 1979), v. 24 p. 61-71
_wBR2012005746
909 _a202311
_bLúcia
_c55
_dLúcia Elande
942 _2AGRIS
_n0
_cANA
999 _c220998
_d220998